000 00398nam a22001577a 4500
005 20180727150322.0
008 160514b xxu||||| |||| 00| 0 eng d
041 _aeng
082 _b2439
_a658.3
100 _aChandan, Jit S.
_9987
245 _aOrganizational Behaviour
260 _aNew Delhi
_bVikas Publishing House (P) Ltd.
_c2004
300 _a428p,
650 _aManagement
_9241
942 _cBK
999 _c870
_d870